Pride /

保存先:
書誌詳細
第一著者: Nightingale, Christopher (compositore) (作曲家)
その他の著者: Gilgun, Joseph (俳優), Livingstone, David (produttore cinematografico) (プロデューサー), Beresford, Stephen (シナリオライター), Staunton, Imelda (俳優), Nighy, Bill (俳優), Considine, Paddy (俳優), Schnetzer, Ben (俳優), Warchus, Matthew (デイレクター), Scott, Andrew (俳優), Radcliffe, Tat (写真家), MacKay, George (俳優), West, Dominic (俳優)
フォーマット: スライド
言語:イタリア語
英語
出版事項: Campi Bisenzio : Cecchi Gori Entertainment, 2015
タグ: タグ追加
タグなし, このレコードへの初めてのタグを付けませんか!

MARC

LEADER 00000ngm a22000007i 4500
001 IT\ICCU\RAV\2025688
003 ItRI
005 20260124182844.0
008 150609s2015 it |||||||||||||||k|||||c
024 3 1 |a 8057092003299 
028 4 2 |a 15PD0069  |b SIAE 
028 4 2 |a PSV21192  |b Cecchi Gori Entertainment 
040 |b ita 
041 7 |a ita  |a eng  |2 ISO-639-2 
082 |a 791.43  |9 CINEMA  |2 14 
130 0 |a Pride <film ; 2014>  |3 IT\ICCU\RAV\2025689 
245 0 0 |a Pride /  |c diretto da Matthew Warchus ; sceneggiatura Stephen Beresford ; direttore della fotografia Tat Radcliffe ; musica di Christopher Nightingale ; prodotto da David Livingstone. 
260 |a Campi Bisenzio :  |b Cecchi Gori Entertainment,  |c 2015 
300 |a 1 DVD-Video (115 min.) ;  |c in contenitore, 19 cm 
500 |a Produzione cinematografica Regno Unito 2014 
500 |a Titolo del contenitore 
500 |a Lingue: italiano, inglese; sottotitoli: italiano, italiano per non udenti 
500 |a Interpreti: Bill Nighy, Imelda Staunton, Dominic West, Paddy Considine, George Mackay, Joseph Gilgun, Andrew Scott, Ben Schnetzer 
500 |a Caratteristiche tecniche: regione 2; PAL; video 16/9, 2.35:1; audio Dolby digital 5.1, 2.0; color 
500 |a Contenuti speciali: trailer, making of, featurette, galleria fotografica. 
700 1 |a Gilgun, Joseph  |0 IT\ICCU\CAGV\742486  |4 act 
700 1 |a Livingstone, David  |c  (produttore cinematografico)  |0 IT\ICCU\DDSV\354701  |4 pro 
700 1 |a Beresford, Stephen  |0 IT\ICCU\LO1V\432561  |4 sce 
700 1 |a Staunton, Imelda  |0 IT\ICCU\MODV\253878  |4 act 
700 1 |a Nighy, Bill  |0 IT\ICCU\MODV\253880  |4 act 
700 1 |a Considine, Paddy  |0 IT\ICCU\MODV\283665  |4 act 
700 1 |a Schnetzer, Ben  |0 IT\ICCU\MODV\658147  |4 act 
700 1 |a Warchus, Matthew  |0 IT\ICCU\RAVV\253658  |4 drt 
700 1 |a Scott, Andrew  |0 IT\ICCU\RAVV\329300  |4 act 
700 1 |a Radcliffe, Tat  |0 IT\ICCU\RAVV\683196  |4 pht 
700 1 |a Nightingale, Christopher  |c  (compositore)  |0 IT\ICCU\TSAV\609774  |4 cmp 
700 1 |a MacKay, George  |0 IT\ICCU\UBOV\222795  |4 act 
700 1 |a West, Dominic  |0 IT\ICCU\UBOV\493452  |4 act 
942 |2 ddc  |c VM  |n 0 
952 |0 0  |1 0  |4 0  |6 VO_2176_000000000000000  |7 0  |9 27071  |a BO  |b BO  |d 2026-01-24  |i 17932  |l 0  |o VO 2176  |p BO17932  |r 2026-01-24 18:28:44  |w 2026-01-24  |x [Sebina 5] [1 dvd]  |y VM  |z 1 dvd 
999 |c 22909  |d 22909